000 00343nam a2200121Ia 4500
999 _c10879
_d10879
008 191201s2007 xx 000 0 und d
100 _aKHURANA, Kamal
245 0 _aDraping and Pattern Making for Fashion Design
260 _aNew Delhi
_bSonali
_c2020
300 _a264
650 _aBachelor of Fashion and Apparel Design
942 _2ddc
_cBK
_02